Green-Colored Marvel Heroes by Picture - Statistics

General Stats
  • This quiz has been taken 26 times
  • The average score is 14 of 25
Answer Stats
Picture Answer % Correct
Hulk
100%
Mantis
100%
Rogue
96%
Iron Fist
91%
Man-Thing
83%
Drax the Destroyer
78%
Gamora
74%
Marvel Girl (Jean Grey)
74%
Banshee
70%
Polaris
65%
Multiple Man
61%
Falcon
52%
Moondragon
43%
Karnak
39%
Triton
39%
Wasabi
39%
Abigail Brand
35%
Namorita
35%
Jackpot
30%
Meggan
30%
Superior Octopus
30%
Marvel Boy
26%
Sersi
26%
Marrina
22%
Nikki
22%
No matching quizzes found
Score Distribution
Percent of People with Each Score
Percentile by Number Answered
Your Score History
You have not taken this quiz